La muerte del general Gordon y otras biografías / (Record no. 148345)

MARC details
000 -LEADER
campo de control de longitud fija 01004nam a2200277 4500
001 - NÚMERO DE CONTROL
campo de control 148345
003 - IDENTIFICADOR DE NÚMERO DE CONTROL
campo de control ES-MaACL
005 - FECHA Y HORA DE LA ÚLTIMA TRANSACCIÓN
campo de control 20250909180250.0
007 - CAMPO FIJO DE DESCRIPCIÓN FÍSICA--INFORMACIÓN GENERAL
campo de control de longitud fija t|
008 - DATOS DE LONGITUD FIJA--INFORMACIÓN GENERAL
campo de control de longitud fija 070214s1943 sp r ||||1| spa d
080 ## - NÚMERO DE LA CLASIFICACIÓN DECIMAL UNIVERSAL
Número de la Clasificación Decimal Universal 929 Gordon, Charles George
080 ## - NÚMERO DE LA CLASIFICACIÓN DECIMAL UNIVERSAL
Número de la Clasificación Decimal Universal 929(100)"17/18"
100 1# - ENTRADA PRINCIPAL--NOMBRE DE PERSONA
Nombre de persona Strachey, Lytton.
9 (RLIN) 108356
245 13 - MENCIÓN DEL TÍTULO
Título La muerte del general Gordon y otras biografías /
Mención de responsabilidad, etc. Lytton Strachey.
260 ## - PUBLICACIÓN, DISTRIBUCIÓN, ETC.
Lugar de publicación, distribución, etc. Madrid :
Nombre del editor, distribuidor, etc. Revista de Occidente,
Fecha de publicación, distribución, etc. [1943] (
Fabricante Imp. de Galo Sáez)
300 ## - DESCRIPCIÓN FÍSICA
Extensión 192 p. :
Otras características físicas il. col. mapas ;
Dimensiones 21 cm.
505 8# - NOTA DE CONTENIDO CON FORMATO
Nota de contenido con formato Contiene: biografías y retratos en miniatura de Madame de Lieven, Lady Hester Stanhope y Thomas Carlyle.
600 14 - PUNTO DE ACCESO ADICIONAL DE MATERIA--NOMBRE DE PERSONA
Nombre de persona Gordon, Charles George (
Fechas asociadas al nombre 1833-1885)
9 (RLIN) 59156
600 14 - PUNTO DE ACCESO ADICIONAL DE MATERIA--NOMBRE DE PERSONA
Nombre de persona Lieven, Dorothea (
Fechas asociadas al nombre 1785-1857)
9 (RLIN) 171961
600 14 - PUNTO DE ACCESO ADICIONAL DE MATERIA--NOMBRE DE PERSONA
Nombre de persona Stanhope, Hester,
Fechas asociadas al nombre 1776-1839
9 (RLIN) 171962
600 04 - PUNTO DE ACCESO ADICIONAL DE MATERIA--NOMBRE DE PERSONA
Nombre de persona Carlyle, Thomas,
Fechas asociadas al nombre 1795-1881
Subdivisión general Biografías
9 (RLIN) 35317
655 #0 - TERMINO DE INDIZACIÓN--GENERO/FORMA
Datos o término principal de género/forma Biografías
9 (RLIN) 176647
852 ## - LOCALIZACIÓN
Ubicación ES-MaACL
Número de control de estantería F-15519
942 ## - ELEMENTOS DE ENTRADA SECUNDARIOS (KOHA)
Fuente del sistema de clasificación o colocación Clasificación decimal universal
Holdings
Estatus retirado Estado de pérdida Estado de daño No para préstamo Biblioteca de origen Biblioteca actual Ubicación en estantería Fecha de adquisición Fuente de adquisición Total de préstamos Signatura topográfica completa Código de barras Visto por última vez Precio de reemplazo Tipo de ítem Koha
        Biblioteca del Ateneo de Madrid Biblioteca del Ateneo de Madrid Sala Pecera Planta 2 17/01/2008     F-15519 1154814 23/02/2023 23/02/2023 Libro impreso